Operting system principles (Record no. 141537)

MARC details
000 -LEADER
fixed length control field 00415nam a2200157Ia 4500
008 - FIXED-LENGTH DATA ELEMENTS--GENERAL INFORMATION
fixed length control field 230917s9999||||xx |||||||||||||| ||und||
040 ## - CATALOGING SOURCE
-- 114957
Original cataloging agency VIVEKANANDA LIBRARY
041 ## - Language
-- English
082 ## - DDC NUMBER
Classification number 005.43 S32O
100 ## - MAIN ENTRY--PERSONAL NAME
Personal name Silberschatz, Abrahan, Galvir, Peter Baer, Gagne, Greg
245 #0 - TITLE STATEMENT
Title Operting system principles
250 ## - EDITION STATEMENT
Edition statement 7th ed.
260 ## - PUBLICATION, DISTRIBUTION, ETC. (IMPRINT)
Place of publication, distribution, etc New Delhi
Name of publisher, distributor, etc Wileg
Date of publication, distribution, etc 2006
300 ## - PHYSICAL DESCRIPTION
Pages xx, 896p p.
942 ## - ADDED ENTRY ELEMENTS (KOHA)
Koha item type Books
Holdings
Withdrawn status Lost status Damaged status Not for loan Location (home branch) Sublocation or collection (holding branch) Shelving location Date acquired Koha issues (times borrowed) Koha full call number Accession No. Koha date last seen Koha item type
        VIVEKANANDA LIBRARY VIVEKANANDA LIBRARY UIET Library 24/04/2008 5 005.43 S32O 248106 25/03/2026 Books
        VIVEKANANDA LIBRARY VIVEKANANDA LIBRARY UIET Library 24/04/2008 3 005.43 S32O 248107 25/04/2025 Books
        VIVEKANANDA LIBRARY VIVEKANANDA LIBRARY UIET Library 24/04/2008 2 005.43 S32O 248108 21/05/2024 Books
        VIVEKANANDA LIBRARY VIVEKANANDA LIBRARY UIET Library 24/04/2008   005.43 S32O 248109 17/09/2023 Books
        VIVEKANANDA LIBRARY VIVEKANANDA LIBRARY UIET Library 24/04/2008 8 005.43 S32O 248110 03/04/2026 Books
        VIVEKANANDA LIBRARY VIVEKANANDA LIBRARY UIET Library 24/04/2008 4 005.43 S32O 248111 21/03/2025 Books
        VIVEKANANDA LIBRARY VIVEKANANDA LIBRARY UIET Library 24/04/2008 6 005.43 S32O 248112 23/02/2026 Books
        VIVEKANANDA LIBRARY VIVEKANANDA LIBRARY UIET Library 24/04/2008   005.43 S32O 248113 17/09/2023 Books
        VIVEKANANDA LIBRARY VIVEKANANDA LIBRARY UIET Library 24/04/2008 2 005.43 S32O 248114 27/03/2026 Books
        VIVEKANANDA LIBRARY VIVEKANANDA LIBRARY UIET Library 24/04/2008 2 005.43 S32O 248115 07/04/2026 Books
        VIVEKANANDA LIBRARY VIVEKANANDA LIBRARY UIET Library 24/04/2008   005.43 S32O 248116 17/09/2023 Books
        VIVEKANANDA LIBRARY VIVEKANANDA LIBRARY UIET Library 24/04/2008 1 005.43 S32O 248117 10/04/2024 Books
        VIVEKANANDA LIBRARY VIVEKANANDA LIBRARY UIET Library 24/04/2008   005.43 S32O 248118 17/09/2023 Books
        VIVEKANANDA LIBRARY VIVEKANANDA LIBRARY UIET Library 24/04/2008 1 005.43 S32O 248119 26/10/2023 Books
        VIVEKANANDA LIBRARY VIVEKANANDA LIBRARY UIET Library 24/04/2008 2 005.43 S32O 248120 20/03/2024 Books
© Designed and Maintained by Vivekananda Library, MDU Rohtak